00545 2200193 4500001002100000005001500021035002000036007000300056008004100059020001800100082001000118084001600128100002600144245008300170260004500253300001700298650001300315990002300328INLIS00000000000030820220512084408 a0010-0522000008ta220512 0 ind  a9786020268774 a158.1 a158.1 GIG m0 aGigih Wahyu Kurniawan1 amove on itu menyengsarakan :bcatatan inspiratif meraih perubahan hidup menuku aJakarta :bGramedia Pustaka Utama,c2015 a188 ;c23 cm 4amotivasi a4832/SMPN 7 SBY/18